Municipalities of Athens with a Map - Statistics

General Stats
  • This quiz has been taken 140 times
    138 since last reset
  • The average score is 19 of 35
Answers on the Map
Answers color-coded by a green-red scale on the quiz's map according to % correct below.
 
Answer Stats
Answer % Correct
Athens
92%
Glyfada
84%
Kallithea
71%
Peristeri
71%
Kifisia
70%
Marousi
67%
Chalandri
65%
Elliniko-Argyroupoli
63%
Ilioupoli
63%
Zografou
63%
Nea Smyrni
59%
Palaio Faliro
59%
Ilion
58%
Alimos
57%
Agia Paraskevi
56%
Moschato-Tavros
53%
Agios Dimitrios
51%
Nea Ionia
51%
Papagou-Cholargos
51%
Egaleo
49%
Penteli
48%
Vyronas
48%
Chaidari
47%
Petroupoli
47%
Dafni-Imittos
44%
Nea Filadelfeia
44%
Psychiko
43%
Galatsi
42%
Kesariani
39%
Vrilissia
37%
Agia Varvara
35%
Irakleio
35%
Kamatero
32%
Lykovrisi-Pefki
30%
Metamorphosi
28%
No matching quizzes found
Score Distribution
Percent of People with Each Score
Percentile by Number Answered
Your Score History
You have not taken this quiz since the last reset